LEADER 00692nam a2200193 i 4500 001 000000130922 003 CaOOAMICUS 005 20220802110752.0 008 041108n it u000 u ita u 040 $aSeMil$bita 245 10$a[2]. 300 $aP. 379-775 ;$c29 cm 773 0 $aCastellucci, Erio $tDimensione cristologica ed ecclesiologica del presbiterato.$dRomae : [s.n.], 1988.$w()12136 850 $aSeMil 852 $aSeMil$W1$xVenegono$y1$m4X VI 72$j233768$B84935$CSeMilBibl$Z2$F88607 $8L 961 $aLascito: Antonelli don Mario 961 $aRecupero da Biblioteca Seminario di Seveso 996 $6245$a[2]$9(OLS)http://semarc/title/54267 LEADER 00777nam a2200217 i 4500 001 000000363813 003 CaOOAMICUS 005 20250805140246.0 008 250805s2025 it a u000 u ita u 020 $a978-88-10-52337-7 040 $aSeMil$bita 245 00$a1: A-L. 264 1$aBologna :$bEDB,$c2025. 300 $a974 p. :$bill. ;$c24 cm 773 0 $tNelle parole la parola.$dBologna : EDB, 2025.$kManuali $g1$w()363812 850 $aSeMil 852 $aSeMil$W1$xVenegono$y1$m2MA Q 23$j260462$B254670$CSeMilBibl$Z2$F254670 $81 996 $6020$a978-88-10-52337-7$9(OLS)http://semarc/number/303821 996 $6245$a1: A-L$9(OLS)http://semarc/title/83312 996 $6264$aBologna :$bEDB$9(OLS)http://semarc/publisher/29669